D'où viennent ces paroles ? #2 - Statistiques

Statistiques générales
  • Ce quiz a été pris 53 fois
  • Le résultat moyen est 8 sur 24
Statistiques - réponses
Date Paroles Titre et artiste % Correct
2022 In this world, it's just us You know it's not the same _____ As It Was
69%
1998 When I'm not with you, I lose my mind Give me a sign Hit me, ______ ...Baby One More Time
65%
1993 ______ ? Oh, baby, don't hurt me Don't hurt me, no more What Is Love ?
65%
2022 In this world, it's just us You know it's not the same _____ Harry Styles
56%
1998 When I'm not with you, I lose my mind Give me a sign Hit me, ______ Britney Spears
54%
2002 His palms are sweaty, knees weak, arms are heavy There's vomit on his sweater already, mom's spaghetti Eminem
50%
2003 Go, go, go, go Go, shawty, it's your birthday We gon' party like it's your birthday 50 Cent
48%
2002 His palms are sweaty, knees weak, arms are heavy There's vomit on his sweater already, mom's spaghetti Lose Yourself
46%
2017 First things first, I'ma say all the words inside my head I'm fired up and tired of the way that things have been Believer
35%
2023 Fame ain't somethin' that I need no more
'Cause, b*tch, I said what I said
I'd rather be famous instead
Doja Cat
31%
2017 First things first, I'ma say all the words inside my head I'm fired up and tired of the way that things have been Imagine Dragons
31%
2003 Go, go, go, go Go, shawty, it's your birthday We gon' party like it's your birthday In Da Club
29%
1991 With the lights out, it's less dangerous Here we are now, entertain us Smells Like Teen Spirit
29%
1982 It's the ____, it's the thrill of the fight Risin' up to the challenge of our rival Eye of the Tiger
27%
1991 With the lights out, it's less dangerous Here we are now, entertain us Nirvana
27%
2023 Fame ain't somethin' that I need no more
'Cause, b*ch, I said what I said
I'd rather be famous instead
Paint the Town Red
21%
2022 I don't wanna know If you're playin' me, keep it on the low 'Cause my heart can't take it anymore Metro Boomin, The Weeknd, 21 Savage
19%
1982 It's the ____, it's the thrill of the fight Risin' up to the challenge of our rival Survivor
19%
2018 Sun is down, freezin' cold That's how we already know, winter's here Travis Scott, Drake
19%
2022 I don't wanna know If you're playin' me, keep it on the low 'Cause my heart can't take it anymore Creepin'
17%
1993 ______ ? Oh, baby, don't hurt me Don't hurt me, no more Haddaway
17%
2005 Well, woman, the way the time cold, I wanna be keepin' you warm I got the right ____ fi shelter you from the storm Sean Paul
15%
2005 Well, woman, the way the time cold, I wanna be keepin' you warm I got the right _____ fi shelter you from the storm Temperature
15%
2018 Sun is down, freezin' cold That's how we already know, winter's here SICKO MODE
10%
Aucun quiz correspondant
Distribution des résultats
% des personnes avec chaque résultat
Percentile par nombre de réponses
Votre historique - résultats
Vous n’avez pas pris ce quiz